[Event "Berlin Teschner Memorial"]
[Site "Berlin"]
[Date "2022.05.27"]
[Round "4"]
[White "Strache, Michael"]
[Black "Tscheuschner, Georg"]
[Result "1/2-1/2"]
[WhiteElo "2302"]
[BlackElo "2150"]
[PlyCount "85"]
[EventDate "2022.05.26"]
[EventType "swiss"]
[EventRounds "7"]
[EventCountry "GER"]
[SourceTitle "CBM 208 Extra"]
[Source "ChessBase"]
[SourceDate "2022.07.31"]
[SourceVersion "1"]
[SourceVersionDate "2022.07.31"]
[SourceQuality "1"]

1. f4 d5 2. Nf3 Nf6 3. g3 Bg4 4. Bg2 Nbd7 5. 0-0 c6 6. Qe1 Qc7 7. d4 e6 8. c3 Bf5 9. Nbd2 Ne4 10. Ng5 Ndf6 11. Ngxe4 Nxe4 12. Nxe4 Bxe4 13. Bxe4 dxe4 14. f5 e5 15. Be3 Bd6 16. Qb1 0-0-0 17. Qxe4 exd4 18. Bxd4 Rhe8 19. Qf3 Qe7 20. f6 Qxe2 21. fxg7 Qxb2 22. Qxf7 Re2 23. Bf2 Rxf2 24. Qxf2 Qxc3 25. Qf5+ Kb8 26. Qg4 Rg8 27. Rf8+ Bxf8 28. Qf4+ Bd6 29. Qxd6+ Kc8 30. Qe6+ Kc7 31. Qf7+ Kb6 32. Qxg8 Qe3+ 33. Kf1 Qf3+ 34. Ke1 Qe3+ 35. Kd1 Qd3+ 36. Kc1 Qc3+ 37. Kb1 Qd3+ 38. Kb2 Qd2+ 39. Ka3 Qd6+ 40. Ka4 Qd4+ 41. Kb3 Qd3+ 42. Kb2 Qd2+ 43. Kb3 1/2-1/2

[Event "GER-ch U25-A"]
[Site "Willingen"]
[Date "2019.06.09"]
[Round "2"]
[White "Tscheuschner, Georg"]
[Black "Kotyk, Michael"]
[Result "1-0"]
[WhiteElo "2113"]
[BlackElo "1966"]
[PlyCount "37"]
[EventDate "2019.06.08"]
[EventType "swiss"]
[EventRounds "9"]
[EventCountry "GER"]
[SourceTitle "CBM 191 Extra"]
[Source "ChessBase"]
[SourceDate "2019.09.30"]
[SourceVersion "1"]
[SourceVersionDate "2019.09.30"]
[SourceQuality "1"]

1. c4 e5 2. g3 d6 3. Bg2 f5 4. d4 Be7 5. Nc3 Nf6 6. Nf3 e4 7. Ng5 c6 8. f3 d5 9. 0-0 0-0 10. cxd5 cxd5 11. fxe4 fxe4 12. Qb3 Kh8 13. Nxd5 Qxd5 14. Rxf6 Qxd4+ 15. Be3 Qxe3+ 16. Qxe3 Bxf6 17. Rf1 Nc6 18. Qxe4 Bd7 19. Qxh7# 1-0

[Event "Berlin Lichtenrade op 14th"]
[Site "Berlin"]
[Date "2018.11.04"]
[Round "9"]
[White "Starostits, Ilmars"]
[Black "Tscheuschner, Georg"]
[Result "1-0"]
[WhiteElo "2454"]
[BlackElo "2052"]
[PlyCount "59"]
[EventDate "2018.10.27"]
[EventType "swiss"]
[EventRounds "9"]
[EventCountry "GER"]
[SourceTitle "CBM 187 Extra"]
[Source "ChessBase"]
[SourceDate "2018.11.04"]
[SourceVersion "1"]
[SourceVersionDate "2018.11.04"]
[SourceQuality "1"]

1. d4 Nf6 2. Nf3 e6 3. e3 b6 4. Bd3 Bb7 5. 0-0 c5 6. b3 cxd4 7. exd4 Be7 8. Bb2 0-0 9. Nbd2 d6 10. c4 Nbd7 11. Re1 Re8 12. Nf1 d5 13. Ng3 Qc7 14. Rc1 dxc4 15. bxc4 Bb4 16. Rf1 Rad8 17. Qb3 Bf8 18. Bb1 e5 19. dxe5 Ng4 20. Bxh7+ Kxh7 21. Ng5+ Kg8 22. Qc2 g6 23. e6 f5 24. exd7 Rxd7 25. Rcd1 Qc6 26. Nf3 Rh7 27. c5 Rxh2 28. Qb3+ Kh7 29. Qf7+ Kh6 30. Bc1+ 1-0

[Event "Berlin Lichtenrade op 14th"]
[Site "Berlin"]
[Date "2018.11.02"]
[Round "7"]
[White "Tscheuschner, Georg"]
[Black "Noetzel, Felix"]
[Result "1-0"]
[WhiteElo "2052"]
[BlackElo "2216"]
[PlyCount "65"]
[EventDate "2018.10.27"]
[EventType "swiss"]
[EventRounds "9"]
[EventCountry "GER"]
[SourceTitle "CBM 187 Extra"]
[Source "ChessBase"]
[SourceDate "2018.11.04"]
[SourceVersion "1"]
[SourceVersionDate "2018.11.04"]
[SourceQuality "1"]

1. c4 e5 2. g3 Nf6 3. Bg2 d5 4. cxd5 Nxd5 5. Nc3 Nb6 6. Nf3 Nc6 7. 0-0 Be7 8. a3 0-0 9. b4 Be6 10. d3 a6 11. Bb2 f5 12. Rc1 Kh8 13. Na4 Nxa4 14. Qxa4 Bf6 15. Rxc6 bxc6 16. Nxe5 Bd5 17. e4 Bg8 18. Qxc6 Qd6 19. Qc3 Rad8 20. exf5 Bxe5 21. Qxe5 Qxe5 22. Bxe5 Rxd3 23. Rc1 Rf7 24. Be4 Rxa3 25. Rc6 Re7 26. f4 Rxe5 27. fxe5 Re3 28. Bc2 Rxe5 29. Rxc7 Rb5 30. Bd3 Rxb4 31. Bxa6 h6 32. Rd7 Bc4 33. Bc8 1-0

[Event "Berlin Lichtenberger op 16th"]
[Site "Berlin"]
[Date "2017.08.26"]
[Round "8"]
[White "Tscheuschner, Georg"]
[Black "Bui, Bao Anh Le"]
[Result "0-1"]
[WhiteElo "1992"]
[BlackElo "1775"]
[PlyCount "86"]
[EventDate "2017.08.19"]
[EventType "swiss"]
[EventRounds "9"]
[EventCountry "GER"]
[SourceTitle "CBM 180 Extra"]
[Source "ChessBase"]
[SourceDate "2017.10.06"]
[SourceVersion "1"]
[SourceVersionDate "2017.10.06"]
[SourceQuality "1"]

1. c4 e5 2. g3 c5 3. Bg2 Nc6 4. Nc3 g6 5. Nf3 Bg7 6. 0-0 d6 7. Ne1 Be6 8. Nd5 f5 9. d3 Nf6 10. Bg5 0-0 11. Rb1 Kh8 12. Nc2 a5 13. Qd2 Nb4 14. a3 Bxd5 15. Bxd5 Nbxd5 16. cxd5 b5 17. a4 b4 18. Ne3 h6 19. Bxf6 Qxf6 20. Nc4 f4 21. Qc2 g5 22. f3 Qg6 23. Nd2 g4 24. Ne4 h5 25. Kg2 Bh6 26. fxg4 hxg4 27. Rh1 f3+ 28. exf3 gxf3+ 29. Kf2 Ra7 30. Qc4 Rf5 31. Qb5 Bf8 32. Qb6 Rh7 33. h4 c4 34. dxc4 Rf4 35. Nd2 Rd4 36. Rbd1 Qc2 37. Qxa5 Rxd2+ 38. Rxd2 Qxd2+ 39. Kxf3 Rf7+ 40. Kg4 Qg2 41. Rb1 Rg7+ 42. Kf5 Qf3+ 43. Ke6 Qf7# 0-1

[Event "Berlin Lichtenberger op 16th"]
[Site "Berlin"]
[Date "2017.08.24"]
[Round "6"]
[White "Tscheuschner, Georg"]
[Black "Schulz, Toni1111"]
[Result "1-0"]
[WhiteElo "1992"]
[BlackElo "1878"]
[PlyCount "55"]
[EventDate "2017.08.19"]
[EventType "swiss"]
[EventRounds "9"]
[EventCountry "GER"]
[SourceTitle "CBM 180 Extra"]
[Source "ChessBase"]
[SourceDate "2017.10.06"]
[SourceVersion "1"]
[SourceVersionDate "2017.10.06"]
[SourceQuality "1"]

1. c4 Nf6 2. Nc3 d6 3. g3 c5 4. Nf3 Nc6 5. d4 b6 6. Bg2 Bb7 7. d5 Nb8 8. 0-0 e5 9. dxe6 fxe6 10. Bh3 e5 11. Ng5 Nc6 12. Ne6 Qe7 13. Qa4 h6 14. Nd5 Qf7 15. Nec7+ Kd8 16. Nxa8 Nxd5 17. cxd5 Nd4 18. e4 Bxa8 19. f4 exf4 20. Bxf4 b5 21. Qa5+ Qc7 22. Qd2 Be7 23. Be3 Bg5 24. Bxg5+ hxg5 25. Qxg5+ Ke8 26. Qg6+ Kd8 27. Rf7 Ne2+ 28. Kf2 1-0

[Event "Berlin Lichtenberger op 16th"]
[Site "Berlin"]
[Date "2017.08.21"]
[Round "3"]
[White "Bruening, Wolfgang"]
[Black "Tscheuschner, Georg"]
[Result "0-1"]
[WhiteElo "1791"]
[BlackElo "1992"]
[PlyCount "66"]
[EventDate "2017.08.19"]
[EventType "swiss"]
[EventRounds "9"]
[EventCountry "GER"]
[SourceTitle "CBM 180 Extra"]
[Source "ChessBase"]
[SourceDate "2017.10.06"]
[SourceVersion "1"]
[SourceVersionDate "2017.10.06"]
[SourceQuality "1"]

1. Nf3 c5 2. e3 Nf6 3. b3 g6 4. Bb2 Bg7 5. Be2 0-0 6. 0-0 b6 7. d4 Bb7 8. c4 cxd4 9. exd4 d5 10. Nc3 Nc6 11. Re1 Rc8 12. Qd2 dxc4 13. Bxc4 Nb4 14. Ne5 Nbd5 15. Rad1 Nxc3 16. Qxc3 b5 17. Qb4 bxc4 18. Qxb7 c3 19. Bc1 Rc7 20. Qf3 Nd5 21. a3 e6 22. Qd3 a5 23. Nc4 Qa8 24. Qg3 Rb7 25. Rd3 Rxb3 26. Ne3 a4 27. Ng4 h5 28. Ne5 Qd8 29. f4 Qc8 30. Qf3 Ne7 31. h3 h4 32. Qf2 Nf5 33. Nf3 Qc4 0-1

[Event "Berlin Lichtenberger op 16th"]
[Site "Berlin"]
[Date "2017.08.20"]
[Round "2"]
[White "Tscheuschner, Georg"]
[Black "Radovanovic, Jovica"]
[Result "0-1"]
[WhiteElo "1992"]
[BlackElo "2357"]
[PlyCount "60"]
[EventDate "2017.08.19"]
[EventType "swiss"]
[EventRounds "9"]
[EventCountry "GER"]
[SourceTitle "CBM 180 Extra"]
[Source "ChessBase"]
[SourceDate "2017.10.06"]
[SourceVersion "1"]
[SourceVersionDate "2017.10.06"]
[SourceQuality "1"]

1. c4 Nf6 2. Nc3 g6 3. g3 Bg7 4. Bg2 0-0 5. Nf3 d6 6. 0-0 e5 7. Rb1 a5 8. a3 c6 9. d3 Re8 10. e4 Bg4 11. h3 Bxf3 12. Bxf3 Nbd7 13. Be3 Nc5 14. b4 axb4 15. axb4 Ne6 16. Bg2 Nd4 17. Ne2 Nd7 18. f4 Nxe2+ 19. Qxe2 exf4 20. Bxf4 Ra3 21. Qf3 Re6 22. h4 Bd4+ 23. Kh1 Rf6 24. Qe2 Ne5 25. Bg5 Rxf1+ 26. Qxf1 Qd7 27. Bf6 Qg4 28. Qc1 Rxd3 29. Bf1 Qf3+ 30. Kh2 Qxg3+ 0-1

[Event "Berlin-ch qualification"]
[Site "Berlin-Lichtenrade"]
[Date "2012.04.09"]
[Round "3.1"]
[White "Schnabel, Ralf"]
[Black "Tscheuschner, Georg"]
[Result "1-0"]
[WhiteElo "2215"]
[BlackElo "1942"]
[PlyCount "107"]
[EventDate "2012.04.08"]
[EventType "swiss"]
[EventRounds "9"]
[EventCountry "GER"]
[SourceTitle "EXT 2022"]
[Source "ChessBase"]
[SourceDate "2021.10.06"]
[SourceVersion "1"]
[SourceVersionDate "2021.10.06"]
[SourceQuality "1"]

1. e4 c5 2. Nf3 d6 3. d4 cxd4 4. Nxd4 Nf6 5. Nc3 a6 6. Be2 e6 7. 0-0 Be7 8. f4 Qc7 9. Kh1 0-0 10. Qe1 b5 11. a3 Bb7 12. Bd3 Nc6 13. Be3 Nxd4 14. Bxd4 e5 15. fxe5 dxe5 16. Qg3 Nd7 17. Rf5 Rac8 18. Be3 Qd6 19. Raf1 f6 20. Rh5 Rf7 21. a4 Rxc3 22. bxc3 Nc5 23. Bxc5 Qxc5 24. axb5 axb5 25. Qf2 Qxf2 26. Rxf2 Bc8 27. Bxb5 Be6 28. Be2 Bc5 29. Rf1 Rd7 30. Rd1 Rxd1+ 31. Bxd1 g6 32. Rh4 Bf2 33. g3 Be1 34. Kg2 Bxc3 35. g4 Bd4 36. Rh3 f5 37. gxf5 gxf5 38. Rg3+ Kf7 39. c3 Bc5 40. exf5 Bd5+ 41. Kf1 Kf6 42. Rh3 Kxf5 43. Rxh7 Kf4 44. Be2 Kg5 45. h4+ Kf4 46. h5 Be4 47. Rg7 Ke3 48. Rg8 Bf5 49. Ke1 Kf4 50. h6 e4 51. Bh5 Be7 52. Ke2 Be6 53. h7 Bc4+ 54. Kd1 1-0

[Event "GER-chT Nord-Ost U20 U20 1112"]
[Site "Germany"]
[Date "2012.03.10"]
[Round "7.3"]
[White "Engers, Felix"]
[Black "Tscheuschner, Georg"]
[Result "0-1"]
[WhiteElo "1519"]
[BlackElo "1849"]
[PlyCount "84"]
[EventDate "2011.09.24"]
[EventType "team-tourn"]
[EventRounds "9"]
[EventCountry "GER"]
[SourceTitle "EXT 2015"]
[Source "ChessBase"]
[SourceDate "2014.11.20"]
[SourceVersion "1"]
[SourceVersionDate "2014.11.20"]
[SourceQuality "1"]

1. e4 c5 2. c3 d5 3. exd5 Qxd5 4. d4 e6 5. Nf3 cxd4 6. Nxd4 Nf6 7. Bb5+ Bd7 8. Qe2 Qxg2 9. Rf1 Nc6 10. Be3 Nxd4 11. Bxd4 Bxb5 12. Qxb5+ Qc6 13. Qxc6+ bxc6 14. Bxf6 gxf6 15. Nd2 Bh6 16. 0-0-0 Bf4 17. h3 Ke7 18. Kc2 Rad8 19. Ne4 Rd5 20. b4 Rhd8 21. Nc5 Rxd1 22. Rxd1 Rxd1 23. Kxd1 f5 24. Ke2 Kf6 25. Nb3 Ke5 26. Kd3 Kd6 27. a4 e5 28. f3 Bg5 29. Na5 Be7 30. Nc4+ Kd5 31. Ne3+ Ke6 32. Nc4 f4 33. Na5 c5 34. b5 f5 35. Nc6 Bd6 36. Nxa7 c4+ 37. Kxc4 e4 38. fxe4 fxe4 39. Nc6 f3 40. Nd4+ Ke5 41. Nxf3+ exf3 42. Kd3 Kf4 0-1

[Event "Berlin-ch Class-D1"]
[Site "Berlin"]
[Date "2009.05.21"]
[Round "3"]
[White "Tscheuschner, Georg"]
[Black "Schacht, Thomas"]
[Result "1-0"]
[WhiteElo "1687"]
[BlackElo "1301"]
[PlyCount "77"]
[EventDate "2009.05.20"]
[EventType "tourn"]
[EventRounds "7"]
[EventCountry "GER"]
[SourceTitle "EXT 2012"]
[Source "ChessBase"]
[SourceDate "2011.11.24"]
[SourceVersion "1"]
[SourceVersionDate "2011.11.24"]
[SourceQuality "1"]

1. c4 e5 2. Nc3 Nf6 3. g3 d5 4. cxd5 Nxd5 5. Bg2 c6 6. Qb3 Nxc3 7. bxc3 Na6 8. Nf3 Nc5 9. Qc2 Qf6 10. 0-0 Bd6 11. d3 0-0 12. h3 Re8 13. e4 Bxh3 14. Bg5 Qe6 15. Rae1 Bxg2 16. Kxg2 Qg4 17. Rh1 f6 18. Rh4 Qd7 19. Be3 Ne6 20. d4 Qf7 21. Reh1 Qg6 22. Rxh7 Qxh7 23. Rxh7 Kxh7 24. dxe5 fxe5 25. Ng5+ Nxg5 26. Bxg5 g6 27. Qb3 Rf8 28. Qxb7+ Kh8 29. Bf6+ Rxf6 30. Qxa8+ Kh7 31. Qxa7+ Kh6 32. Qa8 Bf8 33. Qe8 Bg7 34. a4 c5 35. a5 c4 36. f3 Rd6 37. Qe7 Rd2+ 38. Kh3 Rd3 39. Qh4# 1-0

[Event "GER-chT U12"]
[Site "Verden an der Aller"]
[Date "2006.12.29"]
[Round "6.2"]
[White "Tscheuschner, Georg"]
[Black "Oberpriller, Johannes"]
[Result "1-0"]
[WhiteElo "1451"]
[BlackElo "1309"]
[PlyCount "117"]
[EventDate "2006.12.27"]
[EventType "team-swiss"]
[EventRounds "7"]
[EventCountry "GER"]
[SourceTitle "EXT 2008"]
[Source "ChessBase"]
[SourceDate "2007.11.25"]
[SourceVersion "1"]
[SourceVersionDate "2007.11.25"]
[SourceQuality "1"]
[WhiteTeam "Berlin GW Baumschulenweg U12"]
[BlackTeam "Ergolding FC U12"]
[WhiteTeamCountry "GER"]
[BlackTeamCountry "GER"]

1. d4 d5 2. Nf3 e6 3. e3 c5 4. c3 Nf6 5. Bd3 Be7 6. Nbd2 0-0 7. dxc5 Bxc5 8. e4 Nc6 9. 0-0 Qc7 10. Qc2 h6 11. b4 Bd6 12. Bb2 Be7 13. a3 b6 14. Rfe1 Bb7 15. Rac1 Rac8 16. exd5 Nxd5 17. Be4 Nf6 18. Qb3 Nxe4 19. Nxe4 Nd8 20. c4 Bxe4 21. Rxe4 Nb7 22. Re2 Rfd8 23. Rec2 Qd7 24. Rd2 Qc7 25. Rxd8+ Qxd8 26. Bd4 Bf6 27. Bxf6 Qxf6 28. Qc3 Qxc3 29. Rxc3 Kf8 30. Kf1 Ke7 31. Ke2 Kd6 32. Kd3 f6 33. Nd4 a6 34. g4 g5 35. Ke4 Nd8 36. Nb3 Nb7 37. Rd3+ Ke7 38. Kd4 Rd8+ 39. Kc3 Rxd3+ 40. Kxd3 Kd6 41. Kd4 Nd8 42. c5+ bxc5+ 43. bxc5+ Kc6 44. a4 Nb7 45. Kc4 e5 46. h3 Nd8 47. Na5+ Kd7 48. Kd5 Kc7 49. Nc4 Nb7 50. Nd6 Nxd6 51. cxd6+ Kd7 52. a5 e4 53. Kc5 Kd8 54. Kc6 Kc8 55. d7+ Kd8 56. Kd6 e3 57. fxe3 f5 58. gxf5 g4 59. f6 1-0

[Event "GER-chT U12"]
[Site "Verden an der Aller"]
[Date "2006.12.28"]
[Round "4.2"]
[White "Schlittenbauer, Tobias"]
[Black "Tscheuschner, Georg"]
[Result "1/2-1/2"]
[WhiteElo "1073"]
[BlackElo "1451"]
[PlyCount "99"]
[EventDate "2006.12.27"]
[EventType "team-swiss"]
[EventRounds "7"]
[EventCountry "GER"]
[SourceTitle "EXT 2008"]
[Source "ChessBase"]
[SourceDate "2007.11.25"]
[SourceVersion "1"]
[SourceVersionDate "2007.11.25"]
[SourceQuality "1"]
[WhiteTeam "Kelheim SK U12"]
[BlackTeam "Berlin GW Baumschulenweg U12"]
[WhiteTeamCountry "GER"]
[BlackTeamCountry "GER"]

1. e4 c5 2. c3 d6 3. d4 cxd4 4. cxd4 Nc6 5. Nc3 e6 6. Be3 Nf6 7. Bd3 Be7 8. Nf3 b6 9. 0-0 Bb7 10. Rc1 0-0 11. a3 a6 12. h3 b5 13. Qe2 b4 14. Na2 bxa3 15. bxa3 Qd7 16. Qc2 Rfc8 17. Nc3 h6 18. Qd2 Bf8 19. Na4 Qd8 20. e5 dxe5 21. dxe5 Nd5 22. Nc5 Bxc5 23. Rxc5 Nxe3 24. Qxe3 Ne7 25. Rfc1 Rxc5 26. Rxc5 Rc8 27. Rxc8 Qxc8 28. Qa7 Qc6 29. Qd4 Nd5 30. Qe4 g6 31. Nh4 Qc1+ 32. Kh2 Qf4+ 33. Qxf4 Nxf4 34. Bc2 a5 35. g3 Ne2 36. g4 Nd4 37. Bd1 Nb5 38. a4 Nc3 39. Bc2 Bc6 40. Kg3 Bxa4 41. Bxa4 Nxa4 42. Nf3 Nc3 43. Nd2 Kf8 44. Kf3 Ke7 45. Ke3 Kd7 46. Kd3 Nb5 47. Nc4 a4 48. Nb6+ Kc6 49. Nxa4 Kd5 50. f4 1/2-1/2